Journal of Agricultural Research.

Bibliographic Details
Corporate Author: United States. Department of Agriculture
Format: Government Document eBook
Language:English
Published: [Washington] : [s.n.], 1941.
Subjects:
Online Access:Electronic resource (PDF)

MARC

Tag First Indicator Second Indicator Subfields
LEADER 00000cam a22000001i 4500
001 in00003921621
006 m d f
007 cr bn mmmapmmp
008 410803s1941 dcu o f000 0 eng d
005 20250210234127.5
035 |a ebd19401423282 
040 |a UMI  |c UMI  |e rda  |d UtOrBLW 
086 0 |a A 1.23:63/12 
099 |a A1.23..63_12 
110 1 |a United States.  |b Department of Agriculture.  |0 http://id.loc.gov/authorities/names/n79008243 
245 1 0 |a Journal of Agricultural Research. 
264 1 |a [Washington] :  |b [s.n.],  |c 1941. 
300 |a 1 online resource (67 pages), digital, PDF file 
336 |a text  |b txt  |2 rdacontent 
337 |a computer  |b c  |2 rdamedia 
338 |a online resource  |b cr  |2 rdacarrier 
500 |a Includes the following articles: 
533 |a Electronic reproduction.  |b [Bethesda, Md.] :  |c ProQuest,  |d 2016  |e digital, PDF file.  |n ProQuest U.S. Executive Branch Documents  |n Mode of access: World Wide Web via ProQuest website. 
588 |a Record is based on online resource; title from PDF title page (ProQuest, last viewed Nov. 2016). Reuse except for individual research requires license from ProQuest, LLC. 
650 0 |a Seeds.  |0 http://id.loc.gov/authorities/names/no2006006540 
650 0 |a Poisons.  |0 http://id.loc.gov/authorities/subjects/sh85103951 
650 0 |a Sugar trade.  |0 http://id.loc.gov/authorities/subjects/sh85129716 
650 0 |a Soil conservation.  |0 http://id.loc.gov/authorities/subjects/sh85124329 
856 4 0 |u http://proxy.library.tamu.edu/login?url=http://congressional.proquest.com/congressional/docview/t66.d71.a1.23..63_12?  |y Electronic resource (PDF)  |t 0 
999 f f |s 234a8352-6086-3553-b0ad-3ba7a93344f9  |i 3d8c45c5-586f-3b87-b4d5-8aae7bdacaeb  |t 0 
952 f f |a Texas A&M University  |b College Station  |c Electronic Resources  |d Available Online  |t 0  |h No information provided 
998 f f |t 0  |l Available Online